Gabriela's sundial & other poems / (Record no. 71307)
[ view plain ]
| 000 -LEADER | |
|---|---|
| fixed length control field | 02150nam a22002177a 4500 |
| 003 - CONTROL NUMBER IDENTIFIER | |
| control field | PILC |
| 005 - DATE AND TIME OF LATEST TRANSACTION | |
| control field | 20240203110058.0 |
| 008 - FIXED-LENGTH DATA ELEMENTS--GENERAL INFORMATION | |
| fixed length control field | 180206b1992 xxu||||| |||| 00| 0 eng d |
| 010 ## - LIBRARY OF CONGRESS CONTROL NUMBER | |
| LC control number | Acc#27596 |
| 020 ## - INTERNATIONAL STANDARD BOOK NUMBER | |
| International Standard Book Number | 9712702340 |
| 040 ## - CATALOGING SOURCE | |
| Transcribing agency | Philippine Baptist Theological Seminary |
| 050 ## - LIBRARY OF CONGRESS CALL NUMBER | |
| Classification number | Fil PN 6101 |
| Item number | Ar21 1992 |
| 100 ## - MAIN ENTRY--PERSONAL NAME | |
| Personal name | Arcellana, Juaniyo |
| Relator term | author |
| 245 10 - TITLE STATEMENT | |
| Title | Gabriela's sundial & other poems / |
| Statement of responsibility, etc. | Juaniyo Arcellana |
| 264 ## - PRODUCTION, PUBLICATION, DISTRIBUTION, MANUFACTURE, AND COPYRIGHT NOTICE | |
| Place of production, publication, distribution, manufacture | Pasig, Manila : |
| Name of producer, publisher, distributor, manufacturer | ANVIL, |
| Date of production, publication, distribution, manufacture, or copyright notice | ©1992 |
| 300 ## - PHYSICAL DESCRIPTION | |
| Extent | 75 pages ; |
| Dimensions | 21 cm |
| 505 ## - FORMATTED CONTENTS NOTE | |
| Formatted contents note | Contents:<br/>Part one: Mise En Scenes<br/>Old Maria's Memories of Corregidor<br/>Birthright<br/>Lines For Easter Morning<br/>Murals<br/>Los Banos Interlude I<br/>Los Banos Interlude II<br/>Death Revised<br/>Revolutioneros<br/>Miriam<br/>They will stone You Because of Your Eyes<br/>Lucifer In Diliman <br/>Still-Life For Mendiola<br/>Decay And Celebration<br/>A Scripture Of Rain<br/>Run<br/>Gabriela's Sundial<br/>Hunger in Negros<br/>At The Wake O A Fallen NPA Cadre<br/>Ade<br/>The Coup Of Dreams<br/>Maria Kodoma And I <br/>Sisang <br/>In Malate There Is A Street Called Paris<br/>Two Daugthers above The Murky River<br/>Lel<br/>Half-Sleeping Nude Of Salvacion Roque<br/>Verse For Anna V.<br/>Later Than Midnight<br/>Following The Fat Woman Through The Storm<br/>Haikus A La Juan Pula<br/><br/>Part two: Gray On Gray<br/>The Summer of our Delusions<br/>Chemistry<br/>Shadow's Grief<br/>Three Dragons<br/>The Moon Is Around as a Coin<br/>The Girl who Rude on Fassbinder's Jeepney<br/>Buffoons<br/>Mad Max Does His Best<br/>Wounds and Nights<br/>Negros Mothers and their Children<br/>Untitled<br/>Mt. Pinatubo Remix<br/>Gray on Gray<br/>The Wench of San Vicente<br/>Lisa In La Salle<br/>Melissa<br/>Vince<br/>Singalong Sing-along<br/>Travelling Through The Interior <br/>Freddie's Last Night On Earth<br/><br/>Part three: <br/>Above Us The Fluorescent Hums and Fades<br/>The Last Day of Summer<br/>Parable of the Thrice-Fallen Star<br/>Chronicle of a Poet's Birth<br/>Benny Goodman and Memories of the South Country<br/>Self Portrait<br/>Conversation With a Slowly Fading Rose<br/>Don The Sexiest<br/>Parable of the Poet and His Environment<br/>or Why God is an Introvert<br/>Brazo De Mercedes<br/>A Country of Widows<br/>Trackings |
| 650 ## - SUBJECT ADDED ENTRY--TOPICAL TERM | |
| Topical term or geographic name as entry element | Poetry |
| General subdivision | Collectons |
| 650 ## - SUBJECT ADDED ENTRY--TOPICAL TERM | |
| Topical term or geographic name as entry element | Poetry, Modern |
| Form subdivision | 20th century |
| 942 ## - ADDED ENTRY ELEMENTS (KOHA) | |
| Source of classification or shelving scheme | Dewey Decimal Classification |
| Koha item type | Circulation Books |
| Withdrawn status | Lost status | Source of classification or shelving scheme | Damaged status | Not for loan | Home library | Current library | Shelving location | Date acquired | Source of acquisition | Total Checkouts | Full call number | Barcode | Date last seen | Price effective from | Koha item type |
|---|---|---|---|---|---|---|---|---|---|---|---|---|---|---|---|
| Dewey Decimal Classification | PBTS Library | PBTS Library | Filipiniana Section | 02/06/2018 | Gift | Fil PN 6101 Ar21 1992 | 27596 | 02/04/2026 | 02/06/2018 | Circulation Books |